[Event "HCL-C4049"]
[Site "www.playchess.de"]
[Date "2006.02.25"]
[Round "2"]
[White "valpa"]
[Black "Farquhart"]
[WhiteElo "1069"]
[BlackElo "515"]
[PlyCount "39"]
[Result "1-0"]

1.b4 {Welcome to the new game}  e5 2.Bb2 d6 3.e3 
Nc6 4.b5 Nb4 5.c4 e4 6.a3 Nd3+ 7.Bxd3 exd3 8.Qb3 
Nf6 9.Qxd3 c6 10.Nf3 cxb5 11.cxb5 Bd7 12.O-O Ng4 
13.h3 Ne5 14.Nxe5 Qg5 15.Nxd7 Kxd7 16.f4 Qe7 
17.Nc3 h5 18.a4 Qf6 19.Nd1 Qg6 
20.Qxg6 1-0

[Event "HCL-A2565"]
[Site "www.playchess.de"]
[Date "2006.02.25"]
[Round "1"]
[White "willem199"]
[Black "carrillero"]
[WhiteElo "1450"]
[BlackElo "1604"]
[PlyCount "54"]
[Result "0-1"]

1.d4 Nf6 {Hi, good luck}  2.c4 {good luck , too}  
g6 3.Nc3 d5 4.Bf4 c6 5.e3 Bg7 6.Nf3 Bg4 7.h3 Bxf3 
8.Qxf3 O-O 9.Bd3 dxc4 10.Bxc4 Qb6 11.Rb1 e6 12.Bg5 
Nbd7 13.O-O Qb4 14.Bd3 Nd5 15.Nxd5 cxd5 16.Rfc1 
Rac8 17.Rxc8 Rxc8 18.a3 Qb3 19.e4 Bxd4 20.exd5 Ne5 
21.Qf6 Qxd3 22.Re1 Ng4 23.Qf4 Bxf2+ 24.Kh1 Bxe1 
25.hxg4 {you got me, I'd too many time trouble}  
Bg3 {:-)}  26.Qe3 {:-(}  Qxe3 27.Bxe3 
exd5 0-1

[Event "HCL-A2598"]
[Site "www.playchess.de"]
[Date "2006.02.25"]
[Round "12"]
[White "victorabiodun03"]
[Black "baggur"]
[WhiteElo "1378"]
[BlackElo "1600"]
[PlyCount "74"]
[Result "0-1"]

1.f4 d5 2.Nf3 c5 3.e3 Nc6 4.d4 e6 5.c3 Nf6 6.Bd3 
c4 7.Bc2 Be7 8.Nbd2 O-O 9.O-O b5 10.Ne5 Bb7 11.Qf3 
Qc7 12.g4 Nd7 13.g5 Ndxe5 14.dxe5 d4 15.Bxh7+ Kxh7 
16.Qh5+ Kg8 17.Rf3 Nxe5 18.Rh3 f6 19.fxe5 Qxe5 
20.cxd4 Qxg5+ 21.Qxg5 fxg5 22.Nf1 Rad8 23.Bd2 Be4 
24.Ba5 Rdc8 25.Nd2 Bf5 26.Rg3 g4 27.e4 Bh7 28.a3 
Bh4 29.Rg2 Rf4 30.Bc3 Bxe4 31.Nxe4 Rxe4 32.h3 gxh3 
33.Rh2 Re3 34.Rf1 Rf8 35.Rxf8+ Kxf8 36.Kf1 g5 
37.Re2 Rxe2 0-1

[Event "HCL-A2586"]
[Site "www.playchess.de"]
[Date "2006.02.25"]
[Round "21"]
[White "GCP"]
[Black "hal1958"]
[WhiteElo "1446"]
[BlackElo "1394"]
[PlyCount "90"]
[Result "1/2-1/2"]

1.e4 {hello, have a nice game}  d6 {welcome to our 
newest game}  2.d4 {a new one but not the last one 
:)}  Nf6 3.Nc3 g6 4.Bg5 Bg7 5.Qd2 O-O 6.Bh6 a6 
7.Bxg7 Kxg7 8.f4 Nbd7 9.Nf3 b5 10.Bd3 Bb7 11.d5 c6 
12.dxc6 Bxc6 13.O-O Qb6+ 14.Kh1 b4 15.e5 dxe5 
16.fxe5 Bxf3 17.exf6+ exf6 18.Rxf3 bxc3 19.Qxc3 
Ne5 20.Rff1 Rac8 21.Qb3 Qxb3 22.axb3 Nxd3 23.cxd3 
Rc6 24.Kg1 f5 25.Rf4 Rb8 26.Ra3 Rd6 27.b4 Kf6 
28.Kf2 g5 29.Rc4 h5 30.d4 f4 31.Ra5 Rb5 32.Rxb5 
axb5 33.Rc5 Rxd4 34.Rxb5 Rd2+ 35.Kf3 Rxb2 36.Rb7 
Ke6 37.Rb5 f6 38.Rb8 Rb3+ 39.Kf2 g4 40.b5 Rb2+ 
41.Kf1 h4 42.b6 Kd7 43.b7 Rb1+ 44.Kf2 Rb2+ 45.Kf1 
Rb1+ {(offering draw)}  1/2-1/2

[Event "HCL-C4165"]
[Site "www.playchess.de"]
[Date "2006.02.25"]
[Round "16"]
[White "IRONMAIDEN"]
[Black "Doris"]
[WhiteElo "1232"]
[BlackElo "545"]
[PlyCount "69"]
[Result "1/2-1/2"]

1.c4 e6 2.d4 c5 3.Nf3 Na6 4.e3 Nf6 5.d5 exd5 
6.cxd5 Bd6 7.Bxa6 bxa6 8.O-O Bb7 9.Nc3 O-O 10.e4 
Qc7 11.h3 Rae8 12.Re1 Be7 13.e5 Nh5 14.d6 Bxd6 
15.exd6 Qb8 16.b3 Nf6 17.Bb2 Re6 18.Rxe6 fxe6 
19.Ne5 Qa8 20.f3 Qe8 21.Qd3 Bc8 22.Ne4 Nh5 23.Ng4 
Nf4 24.Qd2 Bb7 25.Qc3 Ne2+ 26.Kh2 Nxc3 27.Bxc3 Qf7 
28.Nef6+ gxf6 29.Nxf6+ Kh8 30.Nxd7+ Kg8 31.Nf6+ 
Kh8 32.Nd7+ Kg8 33.Nf6+ Kh8 34.Nd7+ {(offering 
draw) 3x same move, so it`s supposed to be a draw} 
 Kg8 {ok - want to play another?}  35.Nf6+ 
{(offering draw) Good idea, so I meet you in 
another tournament, when I get my games down to 10 
- I`m on 25 now and got put back to guest-mode} 
 1/2-1/2

[Event "HCL-C4109"]
[Site "www.playchess.de"]
[Date "2006.02.25"]
[Round "12"]
[White "JMD"]
[Black "DaLyrik"]
[WhiteElo "1293"]
[BlackElo "760"]
[PlyCount "57"]
[Result "1-0"]

1.d4 {hello from Paris}  Nf6 2.Bg5 h6 3.Bxf6 gxf6 
4.e4 b6 5.Bc4 e6 6.Qh5 Bb4+ 7.c3 Bf8 8.Nd2 Nc6 
9.f4 d5 10.exd5 exd5 11.Bxd5 Qe7+ 12.Ne2 Bb7 
13.O-O-O Rb8 14.Rhe1 Kd8 15.Ng3 Qd7 16.Bxf7 Be7 
17.Be6 Qe8 18.Bf7 Qf8 19.Nf5 Rh7 20.Bg6 Rh8 21.Nb3 
Kd7 22.d5 Na5 23.Nxa5 Kc8 24.Nxe7+ Kd8 25.Nxb7+ 
Rxb7 26.Nc6+ Kd7 27.Qf5+ Kd6 28.Re6+ Kd7 
29.Rxf6+ 1-0

[Event "HCL-E1546"]
[Site "www.playchess.de"]
[Date "2006.02.25"]
[Round "20"]
[White "Coolhandluke"]
[Black "FlatoA"]
[WhiteElo "1491"]
[BlackElo "1424"]
[PlyCount "72"]
[Result "0-1"]

1.d4 {Looking forward to an interesting game. Good 
luck!}  e6 {Hi}  2.c4 d6 3.Nf3 Be7 4.Nc3 Nf6 5.e4 
O-O 6.Bd3 c5 7.Be3 Nc6 8.d5 Nb4 9.a3 Nxd3+ 10.Qxd3 
e5 11.h3 a6 12.O-O Bd7 13.a4 Nh5 14.Nxe5 b6 
15.Nxd7 Qxd7 16.Qd2 Rae8 17.Rae1 Bf6 18.Bg5 Bd4 
19.Bh6 Qd8 20.Be3 Bxc3 21.Qxc3 Rxe4 22.Bg5 Qe8 
23.g4 Nf6 24.Bxf6 gxf6 25.Rxe4 Qxe4 26.Re1 Qf4 
27.Re3 Rb8 28.Qc1 Kg7 29.b3 b5 30.Kg2 bxa4 31.bxa4 
Rb4 32.Qa1 Qxc4 33.Rf3 Qd4 34.Qe1 Qxd5 35.Qe3 Rxa4 
36.Qe7 Rf4 0-1

[Event "HCL-B3716"]
[Site "www.playchess.de"]
[Date "2006.02.25"]
[Round "1"]
[White "Sarek7"]
[Black "mike2k37"]
[WhiteElo "1146"]
[BlackElo "1400"]
[PlyCount "79"]
[Result "1-0"]

1.e4 c5 2.Nf3 Nc6 3.d4 cxd4 4.Nxd4 g6 5.Nc3 Bg7 
6.Be3 e6 7.Be2 Nge7 8.O-O b6 9.f4 Bb7 10.Bf3 O-O 
11.Kh1 a6 12.Nxc6 Nxc6 13.Rb1 Rc8 14.Na4 b5 15.Nc5 
Qc7 16.Qxd7 Rfd8 17.Qxc7 Rxc7 18.Nxb7 Rxb7 19.e5 
Rc7 20.Bb6 Rdd7 21.Bxc7 Rxc7 22.Bxc6 Rxc6 23.c3 
Bf8 24.g4 h6 25.Rbd1 Kg7 26.Rd8 Be7 27.Rd7 Bh4 
28.Rfd1 Bf2 29.R7d6 Rxd6 30.Rxd6 Be3 31.Rxa6 Bxf4 
32.Rb6 Bxe5 33.Rxb5 Kf6 34.a4 Ke7 35.Rxe5 {??}  f6 
36.Rb5 e5 37.a5 e4 38.Kg1 Kd6 39.a6 e3 
40.Kf1 1-0

[Event "HCL-M874"]
[Site "www.playchess.de"]
[Date "2006.02.25"]
[Round "7"]
[White "Losloper"]
[Black "ragno"]
[WhiteElo "2381"]
[BlackElo "2314"]
[PlyCount "90"]
[Result "1/2-1/2"]

1.e4 c5 {Hi, good game and look from Italy}  2.Nf3 
{Have a nice game !}  d6 3.d4 cxd4 4.Nxd4 Nf6 5.f3 
a6 6.Nc3 b5 7.Bg5 e6 8.a4 b4 9.Na2 d5 10.Bd3 dxe4 
11.Bxe4 Ra7 12.Nb3 Qxd1+ 13.Rxd1 Rd7 14.Bd3 Be7 
15.O-O O-O 16.Rfe1 Rfd8 17.Be3 Nd5 18.Bc5 Bxc5+ 
19.Nxc5 Rc7 20.Nb3 Nc6 21.Be4 Kf8 22.f4 Rcd7 23.g3 
R7d6 24.Rd2 a5 25.c3 g6 26.cxb4 axb4 27.Rc1 Bb7 
28.Nc5 Ba8 29.Rcd1 Ke7 30.Bxd5 R6xd5 31.R2xd5 exd5 
32.Kf2 h6 33.Nc1 Kd6 34.N1b3 Re8 35.Rc1 Re7 36.Kf3 
h5 37.Rc2 Rc7 38.Ke2 Ne7 39.a5 Nf5 40.Kd3 Re7 
41.Re2 Bc6 42.Rxe7 Bb5+ 43.Kd2 Nxe7 44.Nd3 Nc6 
45.Ke3 Ba4 {(offering draw)}  1/2-1/2

[Event "HCL-M887"]
[Site "www.playchess.de"]
[Date "2006.02.25"]
[Round "6"]
[White "TealBeatle"]
[Black "Duffy"]
[WhiteElo "1937"]
[BlackElo "1570"]
[PlyCount "75"]
[Result "1-0"]

1.d4 {Greetings & a good game!}  d5 {Hi, nice to 
meet you, good game to you too!}  2.Nf3 {ty}  e6 
3.c4 c5 4.e3 Nc6 5.Nc3 Nf6 6.cxd5 exd5 7.Be2 Bd6 
8.dxc5 Bxc5 9.O-O O-O 10.b3 Re8 11.Bb2 Bg4 12.Rc1 
a6 13.h3 Be6 14.Nxd5 Nxd5 15.Rxc5 Qe7 16.Rxd5 Bxd5 
17.Qxd5 Rad8 18.Qf5 h6 19.Bd3 g6 20.Qf4 {Feels 
good to cheat us?}  Kh7 {What do you mean cheat 
us? I'm not sure I appreciate that remark}  21.Bc4 
{u dont have too, comment was for another, 
apoligize}  Rd7 {ty}  22.Qh4 Qxh4 23.Nxh4 b5 
24.Be2 Rd2 25.Bf3 Rxb2 26.Bxc6 Rd8 27.Nf3 Rxa2 
28.Nd4 Rd6 29.Rc1 Rf6 30.f4 Kg7 31.Bd5 Rd6 32.e4 
Rf6 33.g3 Rd2 34.Nf3 Ra2 35.e5 Rb6 36.Rc7 g5 
37.Rxf7+ Kh8 38.e6 1-0

[Event "HCL-C4134"]
[Site "www.playchess.de"]
[Date "2006.02.26"]
[Round "13"]
[White "cg"]
[Black "foxcar"]
[WhiteElo "902"]
[BlackElo "1221"]
[PlyCount "110"]
[Result "0-1"]

1.e4 e5 {hi}  2.Nf3 {hello, good luck.}  Nc6 3.Nc3 
Bc5 4.Bb5 a6 5.Bxc6 bxc6 6.Nxe5 Qf6 7.O-O Qxe5 
8.d3 Bd6 9.g3 Bc5 10.Be3 Bxe3 11.fxe3 Rb8 12.Rb1 
Nf6 13.Rf5 Qd6 14.Rf1 Qc5 15.d4 Qg5 16.Qe2 d6 
17.d5 Bg4 18.Qf2 O-O 19.Qf4 Qxf4 20.gxf4 cxd5 
21.exd5 Rbe8 22.Rfe1 Reb8 23.b4 a5 24.h3 Bf5 25.e4 
Bxh3 26.bxa5 Rxb1 27.Rxb1 Ra8 28.Kh2 Bc8 29.Rb5 
Ba6 30.Rb4 Ng4+ 31.Kg3 Ne3 32.Rb2 Nc4 33.Rb3 Nxa5 
34.Rb4 Nb7 35.Ra4 Nc5 36.Ra5 f6 37.Nb5 Bb7 
38.Rxa8+ Bxa8 39.Nxc7 Bb7 40.Ne6 Nxe4+ 41.Kf3 Bxd5 
42.Nd4 Nc3+ 43.Ke3 Nxa2 44.f5 Kf7 45.Kd3 h5 46.Ke3 
h4 47.Nf3 Bxf3 48.Kxf3 g5 49.Kg4 Nc3 50.Kf3 Nb5 
51.c4 Nd4+ 52.Ke4 h3 53.Kd5 Nxf5 54.Ke4 h2 55.Kxf5 
h1Q 0-1

[Event "HCL-M874"]
[Site "www.playchess.de"]
[Date "2006.02.26"]
[Round "5"]
[White "SABU"]
[Black "takis"]
[WhiteElo "2051"]
[BlackElo "2204"]
[PlyCount "90"]
[Result "0-1"]

1.d4 d5 2.c4 dxc4 3.Nf3 Nf6 4.e3 a6 5.Bxc4 e6 
6.O-O c5 7.Bb3 b5 8.Qe2 Bb7 9.Nc3 Nbd7 10.Rd1 Qb8 
11.e4 cxd4 12.Nxd4 Bd6 13.e5 Bxe5 14.h3 b4 15.Na4 
O-O 16.Nf3 Bd6 17.Nd4 Rc8 18.Qe1 Bd5 19.Bd2 Bxb3 
20.axb3 Qb7 21.Bg5 Nd5 22.Qe4 Qb8 23.Kh1 Bf8 
24.Bh4 N7f6 25.Qe2 a5 26.Bg5 Qa7 27.Bxf6 Nxf6 
28.Rd3 Qa6 29.Rad1 Rcd8 30.Qe3 Rac8 31.R3d2 Nd5 
32.Qe4 Be7 33.h4 Bf6 34.Nf3 Qc6 35.Nd4 Qd6 36.g3 
Qa6 37.Kg2 Bxd4 38.Qxd4 Rd6 39.Qg4 Rdc6 40.Qe4 Qb7 
41.Re2 Rd6 42.Kg1 Rdc6 43.Kg2 f5 44.Qf3 R6c1 
45.Rxe6 Rxd1 0-1

[Event "HCL-A2566"]
[Site "www.playchess.de"]
[Date "2006.02.26"]
[Round "6"]
[White "Djusta"]
[Black "cocohubert"]
[WhiteElo "1271"]
[BlackElo "1340"]
[PlyCount "77"]
[Result "0-1"]

1.e4 c6 2.d4 d5 3.e5 Bf5 4.Nc3 e6 5.Nf3 h6 6.Bd3 
Bxd3 7.Qxd3 Ne7 8.Bf4 Ng6 9.Bg3 Na6 10.a3 Be7 
11.O-O Bh4 12.Nxh4 Nxh4 13.Rfe1 Nf5 14.Re2 Qb6 
15.Na4 Qxd4 16.Nc3 Qxd3 17.cxd3 Nxg3 18.hxg3 Nc5 
19.d4 Nd7 20.Rc1 Nb6 21.b3 Nd7 22.b4 a6 23.Rec2 
Nb6 24.a4 Nc4 25.b5 cxb5 26.axb5 a5 27.Na4 b6 
28.Nb2 Kd7 29.Nxc4 dxc4 30.R2xc4 Rac8 31.f4 Rxc4 
32.Rxc4 Rc8 33.Ra4 Rc3 34.Kh2 Rb3 35.g4 Rxb5 {it 
has finished}  36.f5 {You're right}  Rb4 37.Ra1 
exf5 38.gxf5 Rxd4 39.Rb1 0-1

[Event "HCL-C4148"]
[Site "www.playchess.de"]
[Date "2006.02.26"]
[Round "4"]
[White "newplayer"]
[Black "epenz"]
[WhiteElo "1084"]
[BlackElo "951"]
[PlyCount "77"]
[Result "1-0"]

1.e4 e5 2.d4 exd4 3.Qxd4 Nc6 4.Qd1 d6 5.Bb5 Nf6 
6.Bg5 Be7 7.Bxf6 Bxf6 8.Bxc6+ bxc6 9.c3 O-O 10.Nf3 
Ba6 11.Nd4 Qd7 12.Qa4 Bb5 13.Qd1 d5 14.Nxb5 cxb5 
15.exd5 Rfe8+ 16.Kf1 h6 17.a4 a6 18.a5 Re5 19.Na3 
Rxd5 20.Qf3 Rd2 21.Qxa8+ Kh7 22.Qf3 Rxb2 23.Rd1 
Rd2 24.Re1 Rd3 25.Qe4+ g6 26.g3 Bxc3 27.Kg2 Bxe1 
28.Rxe1 c5 29.h4 Rxa3 30.h5 c4 31.hxg6+ fxg6 32.f4 
Qd2+ 33.Re2 Qd3 34.Qe7+ Kg8 35.Qe8+ Kg7 36.Re7+ 
Kf6 37.Re6+ Kg7 38.Re7+ Kf6 39.Qf7+ 1-0

[Event "HCL-A2600"]
[Site "www.playchess.de"]
[Date "2006.02.26"]
[Round "7"]
[White "victorabiodun03"]
[Black "dynamike"]
[WhiteElo "1440"]
[BlackElo "1451"]
[PlyCount "61"]
[Result "1-0"]

1.f4 d5 2.Nf3 c5 3.e3 Nc6 4.d4 Nf6 5.c3 e6 6.Bd3 
cxd4 7.exd4 Bd6 8.O-O O-O 9.Ne5 Qc7 10.Nd2 Nd7 
11.g4 f6 12.Nxd7 Bxd7 13.Qf3 Ne7 14.Rf2 e5 15.fxe5 
fxe5 16.Qg2 Rxf2 17.Qxf2 e4 18.Be2 Rf8 19.Qg2 Ng6 
20.Nf1 Nh4 21.Qh3 Nf3+ 22.Kh1 Qc8 23.Qh5 Be6 24.h3 
Be7 25.Be3 Rf6 26.g5 Rf5 27.Ng3 Bxg5 28.Nxf5 Bxf5 
29.Bxg5 Nxg5 30.Qxg5 h6 31.Qg3 1-0

[Event "HCL-A2599"]
[Site "www.playchess.de"]
[Date "2006.02.26"]
[Round "10"]
[White "archship"]
[Black "steady_eddie"]
[WhiteElo "1233"]
[BlackElo "1670"]
[PlyCount "64"]
[Result "0-1"]

1.e4 c5 2.Nf3 e6 3.c3 d5 4.e5 Nc6 5.Bb5 Nge7 6.d4 
Qb6 7.Na3 Bd7 8.Qa4 Nf5 9.dxc5 Bxc5 10.b4 Bxf2+ 
11.Kd1 Be3 12.Re1 Bxc1 13.Rxc1 O-O 14.Bxc6 bxc6 
15.Qb3 c5 16.bxc5 Qxc5 17.Nd4 Nxd4 18.cxd4 Qxd4+ 
19.Ke2 Qxe5+ 20.Qe3 Qxe3+ 21.Kxe3 Rfc8 22.Kd2 h6 
23.Nc2 Rc7 24.Ne3 Rac8 25.Rxc7 Rxc7 26.Rc1 Rxc1 
27.Kxc1 d4 28.Nc4 Bc6 29.g3 {(offering draw)}  Bd5 
30.Na5 e5 31.a3 f5 32.Kd2 e4 0-1

[Event "HCL-B3881"]
[Site "www.playchess.de"]
[Date "2006.02.26"]
[Round "1"]
[White "PANDURANGAIAH"]
[Black "pytolo98"]
[WhiteElo "1011"]
[BlackElo "1173"]
[PlyCount "24"]
[Result "0-1"]

1.e4 e5 2.Nf3 Qf6 3.d3 Bc5 4.Be2 d6 5.h3 h6 6.O-O 
Qg6 7.Kh2 Nc6 8.c3 Be6 9.Nbd2 O-O-O 10.Nb3 Nf6 
11.Nxc5 dxc5 12.Qe1 Nh5 0-1

[Event "HCL-B3881"]
[Site "www.playchess.de"]
[Date "2006.02.26"]
[Round "4"]
[White "PANDURANGAIAH"]
[Black "Iron_Flower"]
[WhiteElo "1011"]
[BlackElo "1238"]
[PlyCount "20"]
[Result "0-1"]

1.e4 d5 {Hi, from Leeuwarden, the Netherlands}  
2.exd5 Qxd5 3.h3 Nf6 4.Nf3 e5 5.d3 Nc6 6.Be2 Bd6 
7.O-O O-O 8.Nc3 Qe6 9.a3 Nh5 10.Nxe5 
Qxe5 0-1

[Event "HCL-C4130"]
[Site "www.playchess.de"]
[Date "2006.02.26"]
[Round "16"]
[White "Skipper_Robert"]
[Black "ronan48"]
[WhiteElo "986"]
[BlackElo "876"]
[PlyCount "66"]
[Result "1/2-1/2"]

1.e4 e5 2.Nf3 {Hello!}  Nc6 {Have a good 
tournament !}  3.Nc3 d6 4.a3 a5 5.Bc4 h6 6.d3 Nf6 
7.h3 g5 8.Nb5 Bg7 9.c3 Nh5 10.g4 Nf4 11.Bxf4 exf4 
12.d4 O-O 13.Qe2 b6 14.d5 Ne7 15.Nbd4 Bxd4 16.Nxd4 
Qd7 17.O-O c5 18.Nf5 Nxf5 19.exf5 Re8 20.Qc2 b5 
21.Be2 c4 22.Rfe1 Bb7 23.Rad1 Re5 24.Bf3 f6 25.Qb1 
Qc7 26.Rxe5 dxe5 27.Rd2 Rd8 28.Qd1 b4 29.axb4 axb4 
30.d6 Qd7 31.Bxb7 Qxb7 32.d7 bxc3 33.bxc3 Qb3 
{(offering draw)}  1/2-1/2

[Event "HCL-E1505"]
[Site "www.playchess.de"]
[Date "2006.02.26"]
[Round "9"]
[White "Roberto_Sammi"]
[Black "Chascarrillo"]
[WhiteElo "2000"]
[BlackElo "1912"]
[PlyCount "72"]
[Result "0-1"]

1.e4 c5 2.Nf3 d6 3.d4 cxd4 4.Nxd4 Nf6 5.Nc3 g6 
6.Be3 Bg7 7.f3 O-O 8.Qd2 Nc6 9.Bc4 Bd7 10.O-O-O 
Rc8 11.Bb3 Ne5 12.h4 h5 13.Bh6 Nc4 14.Bxc4 Rxc4 
15.Bxg7 Kxg7 16.g4 hxg4 17.h5 Rh8 18.hxg6 fxg6 
19.f4 e5 20.Nde2 Rxh1 21.Rxh1 Nxe4 22.Nxe4 Rxe4 
23.fxe5 Rxe2 24.Qxe2 Qg5+ 25.Kb1 Qxe5 26.Qd2 Bc6 
27.Rd1 Bf3 28.Qxd6 Qxd6 29.Rxd6 g3 30.Re6 g2 
31.Re1 Kf6 32.Kc1 Kf5 33.Kd2 Kf4 34.a3 Kg3 35.Ke3 
Bc6 36.c3 Kh2 0-1

[Event "HCL-T267"]
[Site "www.playchess.de"]
[Date "2006.02.26"]
[Round "10"]
[White "hal1958"]
[Black "golddim"]
[WhiteElo "1416"]
[BlackElo "1433"]
[PlyCount "25"]
[Result "1-0"]

1.e4 e5 2.Nf3 Nc6 3.Bc4 Nf6 4.Ng5 Bc5 5.Bxf7+ 
{what do you think of this opening}  Ke7 {I love 
it for black :)}  6.Bd5 h6 7.Nf7 Qf8 8.Nxh8 Bxf2+ 
9.Kf1 d6 10.Ng6+ Ke8 11.Nxf8 Bg4 12.Qxg4 Nxg4 
13.Ne6 1-0

[Event "HCL-B3845"]
[Site "www.playchess.de"]
[Date "2006.02.26"]
[Round "16"]
[White "IRONMAIDEN"]
[Black "yeyo"]
[WhiteElo "1268"]
[BlackElo "1210"]
[PlyCount "70"]
[Result "0-1"]

1.d4 {Hello!}  d5 {Hi! Good luck for you!}  2.Nf3 
Nf6 3.Nc3 Nc6 4.g3 e6 5.Bg2 g6 6.O-O Bg7 7.Bg5 O-O 
8.Ne5 Qd6 9.Nf3 b6 10.Qd2 Qb4 11.Rab1 Ne4 12.Nxe4 
dxe4 13.Qxb4 Nxb4 14.Nd2 Nxc2 15.Bxe4 Nxd4 16.Bf3 
Nxf3+ 17.Nxf3 Bb7 18.b3 Ba6 19.Rfc1 c5 20.e4 Bd3 
21.e5 Bxb1 22.Rxb1 Rac8 23.Rd1 c4 24.h4 c3 25.Rd4 
b5 26.Bf6 c2 27.Bg5 c1Q+ 28.Bxc1 Rxc1+ 29.Kg2 Rc5 
30.Re4 Rc2 31.a4 a6 32.axb5 axb5 33.Rb4 Rb8 34.Nd4 
Rc5 35.f4 Bf8 0-1

[Event "HCL-T256"]
[Site "www.playchess.de"]
[Date "2006.02.26"]
[Round "18"]
[White "BohdanL"]
[Black "stevetilbury"]
[WhiteElo "1506"]
[BlackElo "1608"]
[PlyCount "52"]
[Result "0-1"]

1.e4 e5 2.f4 d5 3.exd5 {hi}  exf4 {Hello from 
London}  4.Nf3 Nf6 5.Bb5+ c6 6.dxc6 Nxc6 7.d4 Bd6 
8.O-O O-O 9.Nc3 Bg4 10.Ne2 Qb6 11.Bxc6 Qxc6 12.c3 
Rae8 13.h3 Bxf3 14.Rxf3 Re7 15.Nxf4 Rfe8 16.Bd2 
Ne4 17.Be3 Nxc3 18.bxc3 R7xe3 19.Rxe3 Rxe3 20.Nd3 
Qe4 21.Nf2 Qf4 22.Ng4 Rxc3 23.Qe2 h5 24.Qe8+ Kh7 
25.Ne5 Qxd4+ 26.Kh1 Qxe5 0-1

[Event "HCL-B3875"]
[Site "www.playchess.de"]
[Date "2006.02.26"]
[Round "2"]
[White "Madbg"]
[Black "holysamos"]
[WhiteElo "1200"]
[BlackElo "1200"]
[PlyCount "50"]
[Result "0-1"]

1.e4 e5 2.d3 Nc6 3.Nc3 Nf6 4.Nf3 d6 5.Nb5 h6 6.Be3 
Be7 7.Qd2 O-O 8.d4 a6 9.Nc3 exd4 10.Nxd4 Nxd4 
11.Bxd4 Re8 12.Bc4 c6 13.Qe2 d5 14.Bd3 dxe4 
15.Bxf6 exd3 16.Qxd3 Bxf6+ 17.Kf1 Qb6 18.Qd2 Bg4 
19.Qf4 Bh5 20.Ne4 Qxb2 21.Qc1 Rxe4 22.c3 Bxc3 
23.g3 Qxa1 24.Qxa1 Bxa1 25.Kg2 
Bd4 0-1

[Event "HCL-A2581"]
[Site "www.playchess.de"]
[Date "2006.02.26"]
[Round "13"]
[White "kan_selv"]
[Black "gridguy"]
[WhiteElo "2115"]
[BlackElo "1716"]
[PlyCount "65"]
[Result "1-0"]

1.e4 c5 2.Nf3 d6 3.Nc3 Nf6 4.d4 cxd4 5.Nxd4 a6 
6.Bg5 e6 7.Be2 Be7 8.O-O O-O 9.Re1 Qc7 10.Qd2 Nc6 
11.Rad1 Nxd4 12.Qxd4 Rd8 13.Be3 b5 14.a4 Bb7 
15.axb5 axb5 16.Nxb5 Qxc2 17.Bd3 Qa4 18.Qb6 Rab8 
19.Nc3 Qc6 20.Qa5 Rba8 21.Qg5 Ba6 22.Bxa6 Rxa6 
23.Re2 Nd5 24.exd5 Bxg5 {ugh}  25.dxc6 Bxe3 26.c7 
Bxf2+ 27.Rxf2 Rc8 28.Nb5 d5 29.Rc2 Kf8 30.b4 Ke7 
31.Kf2 Kd7 32.Ke3 Rb6 33.Rc5 1-0

[Event "HCL-B3663"]
[Site "www.playchess.de"]
[Date "2006.02.26"]
[Round "6"]
[White "Milosforman"]
[Black "bossjos"]
[WhiteElo "999"]
[BlackElo "1282"]
[PlyCount "162"]
[Result "0-1"]

1.d4 d5 2.Nf3 e6 3.a3 Nf6 4.Bg5 Be7 5.Bxf6 Bxf6 
6.c3 Nc6 7.e3 O-O 8.Bb5 Bd7 9.Bxc6 Bxc6 10.Nbd2 a5 
11.O-O b5 12.Re1 Bb7 13.e4 dxe4 14.Ne5 Bxe5 
15.dxe5 Qg5 16.Nxe4 Qg6 17.g3 Bxe4 18.f3 Bb7 
19.Qd7 Bxf3 20.Qxc7 h5 21.Ref1 Qg4 22.Rae1 h4 
23.Re3 Bd5 24.Qc5 Rfc8 25.Qxb5 Bc4 26.Qa4 Bxf1 
27.Qxg4 Bb5 28.b3 a4 29.b4 Rcd8 30.Qxh4 Rd1+ 
31.Kg2 Rd2+ 32.Kh3 Bf1+ 33.Kg4 Be2+ 34.Kg5 Rc8 
35.Qf4 Rc4 36.Re4 Rxe4 37.Qxe4 Bd3 38.Qd4 Kh7 
39.Qh4+ Kg8 40.Qd4 Rd1 41.b5 Bc2 42.Qf2 Bb3 43.h4 
Rd5 44.Qf4 Rxb5 45.c4 Rc5 46.Qd4 Rxc4 47.Qd8+ Kh7 
48.Qf8 Rc7 49.h5 f6+ 50.exf6 gxf6+ 51.Qxf6 Rg7+ 
52.Kh4 Bd1 53.h6 Rg4+ 54.Kh3 Rg6 55.Qf7+ Kxh6 
56.Qf4+ Kh7 57.g4 Bxg4+ 58.Kh2 Bd1 59.Qf7+ Kh6 
60.Qf8+ Kh7 61.Kh3 Rh6+ 62.Kg3 Rg6+ 63.Kh4 Rh6+ 
64.Kg5 Rh5+ 65.Kf4 {great move}  Rf5+ {tnx}  
66.Qxf5+ exf5 67.Kxf5 Kg7 68.Ke5 Kf7 69.Kd6 Kf6 
70.Kd5 Bb3+ 71.Kd6 Kf5 72.Kc5 Ke4 73.Kb4 Kd3 
74.Kb5 Kc3 75.Kc5 Bd1 76.Kb5 Kb3 77.Kc5 Kxa3 
78.Kc4 Bb3+ 79.Kc3 Bd1 80.Kd2 Kb2 81.Kxd1 
a3 0-1

[Event "HCL-C3982"]
[Site "www.playchess.de"]
[Date "2006.02.26"]
[Round "1"]
[White "JerryReneau"]
[Black "CallDutte"]
[WhiteElo "1117"]
[BlackElo "1200"]
[PlyCount "121"]
[Result "1-0"]

1.d4 d5 2.e3 Nf6 3.Bd3 e6 4.Nf3 h6 5.O-O Be7 6.a3 
O-O 7.c4 a6 8.c5 c6 9.Nc3 Qc7 10.e4 dxe4 11.Nxe4 
Nxe4 12.Bxe4 Nd7 13.b4 a5 14.Bd2 axb4 15.axb4 Rxa1 
16.Qxa1 Qb8 17.Bc3 f5 18.Bd3 Nf6 19.Rb1 Nd5 20.Ne5 
Nxc3 21.Rc1 Nd5 22.b5 Nb4 23.Bc4 cxb5 24.Bxb5 Na6 
25.Bxa6 bxa6 26.Nc6 Qc7 27.Ne5 Bf6 28.Nf3 Bb7 
29.Rc4 Bxf3 30.gxf3 Ra8 31.Qa2 Kh8 32.Ra4 Qb7 
33.Kg2 Qc6 34.h3 Bd8 35.Kg3 a5 36.f4 Rb8 37.f3 Rb4 
38.Rxb4 axb4 39.Qc4 Ba5 40.h4 Qd5 41.Qd3 b3 42.h5 
Be1+ 43.Kg2 b2 44.Qb5 Kh7 45.Qxb2 Qd8 46.Qe2 Bc3 
47.Qxe6 Qf8 48.c6 Ba5 49.d5 Bc7 50.Qd7 Bxf4 51.c7 
Bxc7 52.Qxc7 Qf6 53.Qg3 Qb2+ 54.Kh3 Qc2 55.d6 Qd1 
56.Qf4 Qh1+ 57.Qh2 Qf1+ 58.Qg2 Qd3 59.Qg6+ Kg8 
60.Qe6+ Kh7 61.Kg3 1-0

[Event "HCL-E1574"]
[Site "www.playchess.de"]
[Date "2006.02.26"]
[Round "6"]
[White "golddim"]
[Black "gridguy"]
[WhiteElo "1469"]
[BlackElo "1629"]
[PlyCount "48"]
[Result "0-1"]

1.e4 c5 {Hello from Seattle ... good luck!}  2.Nf3 
{Thanks and greetings from Israel.}  d6 3.d4 cxd4 
4.Nxd4 Nf6 5.Nc3 a6 6.Be3 e5 7.Nb3 Be6 8.f3 Nbd7 
9.Qd2 b5 10.g4 Nb6 11.Bxb6 Qxb6 12.g5 Nh5 13.h4 
Ng3 14.Rh2 Nxf1 15.Kxf1 Bc4+ 16.Ne2 b4 17.Rd1 Rd8 
18.Kg2 d5 19.c3 Be7 20.Nbc1 dxe4 21.Qc2 exf3+ 
22.Kxf3 Bd5+ 23.Kg3 Qe3+ 24.Kg4 
Qf3+ 0-1

[Event "HCL-A2620"]
[Site "www.playchess.de"]
[Date "2006.02.26"]
[Round "6"]
[White "Josef1901"]
[Black "Akkarin"]
[WhiteElo "1596"]
[BlackElo "1375"]
[PlyCount "40"]
[Result "1-0"]

1.d4 d6 {hello from Imardin, Kyralia}  2.c4 {hello 
from Austria}  Nf6 3.Nc3 Nbd7 4.e4 e5 5.d5 c6 
6.Bd3 Qc7 7.Nge2 Be7 8.O-O O-O 9.Ng3 Nc5 10.Bc2 a6 
11.b4 Ncd7 12.Nf5 Re8 13.Qd3 c5 14.a3 Nf8 15.Nxe7+ 
Rxe7 16.f4 exf4 17.Bxf4 Ng6 18.Bg5 Ne5 19.Qg3 cxb4 
20.Bxf6 bxc3 1-0

[Event "HCL-A2583"]
[Site "www.playchess.de"]
[Date "2006.02.26"]
[Round "5"]
[White "PLUTARCO"]
[Black "jerrylaine"]
[WhiteElo "2102"]
[BlackElo "1592"]
[PlyCount "47"]
[Result "1-0"]

1.e4 e6 2.d4 d5 3.Nd2 c5 4.Ngf3 cxd4 5.exd5 Qxd5 
6.Bc4 Qd6 7.O-O Nf6 8.Nb3 Nc6 9.Nbxd4 Nxd4 10.Nxd4 
a6 11.Bb3 Be7 12.c3 O-O 13.Qf3 Nd5 14.Rd1 Qc7 
15.Nf5 Bf6 16.Nh6+ gxh6 17.Bxd5 Bg7 18.Bf4 Qe7 
19.Rde1 Qd7 20.Bb3 Qc6 21.Qxc6 bxc6 22.Rad1 a5 
23.Ba4 Bb7 24.Rd7 1-0

[Event "HCL-A2606"]
[Site "www.playchess.de"]
[Date "2006.02.26"]
[Round "10"]
[White "hal1958"]
[Black "Wernswig"]
[WhiteElo "1416"]
[BlackElo "1362"]
[PlyCount "100"]
[Result "0-1"]

1.b4 {have a nice game}  d5 {hi, you too}  2.Bb2 
Nf6 3.e3 Bf5 4.Nf3 Nbd7 5.c4 e6 6.c5 a5 7.a3 axb4 
8.axb4 Be7 9.Be2 O-O 10.Nc3 c6 11.O-O Qc7 12.d4 
Ne4 13.Nxe4 dxe4 14.Nd2 Nf6 15.h3 b6 16.Qc2 b5 
17.Nb3 Nd5 18.Qd2 Ra7 19.Rxa7 Qxa7 20.Ra1 Qb7 
21.Na5 Qc7 22.f3 exf3 23.Bxf3 Bg5 24.Bxd5 exd5 
25.Qf2 Be4 26.Rf1 Re8 27.Nxc6 Bxe3 28.Qxe3 Qxc6 
29.Qf4 Qg6 30.Rf2 h6 31.Qc1 Bd3 32.Qd2 Qg3 33.Bc1 
g6 34.Qd1 g5 35.Bd2 Bc4 36.Rf3 Qh4 37.Re3 Qxd4 
38.Qe1 f5 39.Kh1 Re4 40.Rxe4 dxe4 41.Be3 Qe5 42.c6 
Qc7 43.Qf2 f4 44.Bc5 Qxc6 45.Qd4 e3 46.Qd8+ Kg7 
47.Qe7+ Kg6 48.Kg1 Qe6 49.Qxe6+ Bxe6 50.Kf1 
Bd5 0-1